| 000 | 00477nam a22001817a 4500 | ||
|---|---|---|---|
| 003 | NUST - PNEC | ||
| 005 | 20170116181155.0 | ||
| 008 | 160111b xxu||||| |||| 00| 0 eng d | ||
| 020 | _a9693505115 | ||
| 020 | _a9789693505115 | ||
| 040 | _cLIBRARY | ||
| 082 | _a928.9549 BAN | ||
| 100 |
_915879 _aBano Qudsia |
||
| 245 |
_aMard-e-Abraisham _cBano Qudsia |
||
| 260 |
_aLahore: _bSang-e-Meel Publications; _cc2011. |
||
| 650 |
_915881 _aBiography _xGeneral |
||
| 942 |
_2ddc _cBK |
||
| 999 |
_c71185 _d71185 |
||